000 02091nms a2200397 i 4500
001 118074
003 ES-MaACL
005 20250815063228.0
008 180604c1977 sp fryp|o | |0 b|spa
017 _aM 40933-1977
_bOficina Depósito Legal Madrid
017 _aZ 1378-1988
_bOficina Depósito Legal Zaragoza
022 _a0210-8615
040 _cES-MaACL
080 _a5
245 0 0 _aLlull
_h[Recurso electrónico] /
_cSociedad Española de Historia de las Ciencias
260 _aMadrid :
_bSociedad Española de Historia de las Ciencias,
_c1977-
300 _a14 volúmenes ;
_c21, 22 y 23 cm
310 _aSemestral
362 0 _aN. 1 (dic. 1977)-v. 9, n. 16-17 (1986)-v. 39, n. 83 (2016)
530 _aDisponible en formato digital
555 _aÍndice de los v. 1-10 (1977-1987) :
_d10 años de Llull : revista de la Sociedad Española de Historia de las Ciencias y de las Técnicas, 1989
555 _aÍndice de los v. 16-20 (1993-1997) :
_d20 años de Llull : revista de la Sociedad Española de Historia de las Ciencias y de las Técnicas, 1998
555 _aÍndice de los v. 1-25 (1977-2002) :
_d25 años de Llull : revista de la Sociedad Española de Historia de las Ciencias y de las Técnicas, 2003
650 7 _aCiencias
_2embne
_910971
650 7 _aTecnología
_2embne
_917398
655 4 _aRevistas científicas
_9226863
710 2 _aSociedad Española de Historia de las Ciencias
_eedt
_96729
752 _aEspaña -
_dMadrid
780 0 0 _aBoletín de la Sociedad Española de Historia de las Ciencias,
_xISSN 1131-6055
_dN. 0 (mayo 1977)-
852 4 _aES-MaACL
856 4 _uhttps://recyt.fecyt.es/index.php/LLUL/issue/archive
_yVersión en línea
_z(Llull)
856 4 _uhttps://dialnet.unirioja.es/servlet/revista?codigo=1511
_yVersión en línea
_z(Dialnet)
903 _954320
_aGarcía Camarero, Ernesto,
_d1932-2022
_ednr
942 _2udc
_cPERIODICA
_n0
999 _c118074
_d118074